Najmniejsze państwa na świecie - Statystyki

Ogólne statystyki
  • Ten quiz został rozwiązany 43 razy
  • Średni wynik to 9 z 15
Statystyki odpowiedzi
Wskazówki Odpowiedzi % Poprawnych
Europa Watykan
100%
Europa San Marino
91%
Europa Monako
85%
Oceania Nauru
74%
Europa Liechtenstein
68%
Europa Malta
68%
Oceania Tuvalu
62%
Ameryka Północna Barbados
50%
Ameryka Północna Grenada
50%
Ameryka Północna Antigua i Barbuda
47%
Azja Malediwy
47%
Afryka Seszele
47%
Ameryka Północna Saint Kitts i Nevis
44%
Oceania Wyspy Marshalla
44%
Ameryka Północna Saint Vincent i Grenady
38%
Nie znaleziono quizów pasujących do podanych kryteriów
Rozkład punktacji
Procent ludzi z każdym wynikiem
Percentyl według liczby udzielonych odpowiedzi
Twoja historia wyników
Nie rozwiązałeś tego quizu